| 000 | 00474cam a2200169ua 4500 | ||
|---|---|---|---|
| 041 |
_aeng _h |
||
| 082 |
_a515.43 _bGIB/AD |
||
| 100 | _aGibson, George A . | ||
| 245 |
_aAdvanced calculus: A sequal to an elementary treatise on the calculus / _cGeorge A Gibson. _hTextual Documents |
||
| 250 |
_a1 / _b. |
||
| 260 |
_aNewyork : _bMacMillan and Company Limited , _c1958. |
||
| 300 | _a503 ; . | ||
| 504 | _a | ||
| 942 | _cBK | ||
| 999 |
_c5378 _d5378 |
||